[Event "25. Copenhagen Open  (Politiken Cup)"]
[Site "Copenhagen"]
[Date "2003.07.23"]
[Round "9"]
[White "Tallaksen, Geir Sune"]
[Black "Andersson, Christin"]
[Result "1-0"]
[WhiteElo "2285"]
[BlackElo "2149"]
[PlyCount "83"]
[EventDate "2003.07.14"]
[EventType "swiss"]
[EventRounds "11"]
[EventCountry "DEN"]
[SourceDate "2004.01.01"]

1. d4 d5 2. c4 c6 3. Nc3 dxc4 4. e4 b5 5. a4 e5 6. Nf3 b4 7. Na2 exd4 8. Bxc4
Ba6 9. Bxa6 Nxa6 10. Qxd4 Qxd4 11. Nxd4 Bc5 12. Be3 Nf6 13. f3 O-O-O 14. Rd1
Rd7 15. Nc1 Rhd8 16. Ncb3 Bb6 17. Ke2 c5 18. Nb5 c4 19. Bxb6 axb6 20. Rxd7 Nxd7
21. Rc1 Ne5 22. f4 Nd3 23. Rxc4+ Nac5 24. Nxc5 bxc5 25. g3 Kb7 26. b3 Kb6 27.
Rc2 g5 28. fxg5 Ne5 29. Rd2 Rxd2+ 30. Kxd2 Nf3+ 31. Kd3 Nxg5 32. Nd6 Kc6 33. h4
Ne6 34. Nxf7 Nd4 35. Ne5+ Kd6 36. Nc4+ Kc6 37. Nd2 Kd6 38. Kc4 Kc6 39. e5 Ne2
40. Ne4 h5 41. e6 Nd4 42. e7 1-0

[Event "25. Copenhagen Open  (Politiken Cup)"]
[Site "Copenhagen"]
[Date "2003.07.23"]
[Round "9"]
[White "Tandrup, Michael"]
[Black "Forsmann, Henning"]
[Result "1-0"]
[WhiteElo "1984"]
[BlackElo "1575"]
[PlyCount "83"]
[EventDate "2003.07.14"]
[EventType "swiss"]
[EventRounds "11"]
[EventCountry "DEN"]
[SourceDate "2004.01.01"]

1. e4 c5 2. Nf3 Nc6 3. d4 cxd4 4. Nxd4 Nf6 5. Nc3 d6 6. Bc4 Qb6 7. Nb3 e6 8.
Be3 Qc7 9. f3 a6 10. a4 b6 11. O-O Be7 12. Be2 O-O 13. Nd2 d5 14. exd5 exd5 15.
Bf2 Bd6 16. h3 Be6 17. Nb3 Nb4 18. Nd4 Nh5 19. Na2 Nxa2 20. Rxa2 Bh2+ 21. Kh1
Ng3+ 22. Bxg3 Bxg3 23. Bd3 Qf4 24. Ne2 Qh4 25. Nxg3 Qxg3 26. Qe1 Qf4 27. Qf2 d4
28. Raa1 Rfd8 29. Rfe1 g6 30. Re4 Qf6 31. Rae1 Kg7 32. Qg3 Rd5 33. Kh2 b5 34.
axb5 axb5 35. Qc7 Re8 36. Qc6 Rc8 37. Qb7 Re8 38. Bxb5 Re7 39. Qc6 Qf5 40. Bd3
Rc5 41. Qb6 Qf6 42. Qxc5 1-0

[Event "25. Copenhagen Open  (Politiken Cup)"]
[Site "Copenhagen"]
[Date "2003.07.23"]
[Round "9"]
[White "Tuomisto, Keijo"]
[Black "De Andres Gonalons, Fernando"]
[Result "0-1"]
[WhiteElo "1780"]
[BlackElo "2112"]
[PlyCount "96"]
[EventDate "2003.07.14"]
[EventType "swiss"]
[EventRounds "11"]
[EventCountry "DEN"]
[SourceDate "2004.01.01"]

1. e4 e6 2. d4 d5 3. Nd2 Nf6 4. e5 Nfd7 5. Bd3 c5 6. c3 Nc6 7. Ne2 Qb6 8. Nf3
cxd4 9. cxd4 f6 10. exf6 Nxf6 11. O-O Bd6 12. b3 O-O 13. Bg5 Kh8 14. h3 Bd7 15.
a3 Nh5 16. Bc2 Ne7 17. Qd3 g6 18. Ne5 Bb5 19. Qd2 Nf5 20. Bxf5 Rxf5 21. Be3 Qa6
22. Rfe1 Bxe2 23. Rxe2 Ng7 24. Nf3 Rc8 25. Qb2 Qd3 26. Bh6 Rf6 27. Re3 Qc2 28.
Bxg7+ Kxg7 29. Re2 Qxb2 30. Rxb2 h6 31. Kf1 Rc6 32. Ke1 Rf8 33. Re2 Rfc8 34.
Kd1 Kf6 35. g3 Rc3 36. Ne5 Bxa3 37. Re3 Rc1+ 38. Rxc1 Rxc1+ 39. Ke2 Ke7 40. Nf3
Rc2+ 41. Kf1 Bb2 42. Rd3 a5 43. h4 b5 44. Ne5 a4 45. bxa4 bxa4 46. Rf3 a3 47.
Rf7+ Ke8 48. Ra7 Rxf2+ 0-1

[Event "25. Copenhagen Open  (Politiken Cup)"]
[Site "Copenhagen"]
[Date "2003.07.23"]
[Round "9"]
[White "Udmark, Jonas"]
[Black "Korolev, Nikolaj"]
[Result "0-1"]
[WhiteElo "1964"]
[BlackElo "2117"]
[PlyCount "30"]
[EventDate "2003.07.14"]
[EventType "swiss"]
[EventRounds "11"]
[EventCountry "DEN"]
[SourceDate "2004.01.01"]

1. d4 d5 2. c4 c6 3. Nc3 Nf6 4. Nf3 dxc4 5. Bg5 Nbd7 6. e4 b5 7. a4 b4 8. Na2
Nxe4 9. Bxc4 Nb6 10. Bb3 Nxg5 11. Nxg5 e6 12. Qf3 Qxg5 13. Qxc6+ Bd7 14. Qb7
Bd6 15. a5 Qxa5 0-1

[Event "25. Copenhagen Open  (Politiken Cup)"]
[Site "Copenhagen"]
[Date "2003.07.23"]
[Round "9"]
[White "Unmack, Christian"]
[Black "Lappage, Jonathan"]
[Result "1/2-1/2"]
[WhiteElo "2085"]
[BlackElo "2208"]
[PlyCount "140"]
[EventDate "2003.07.14"]
[EventType "swiss"]
[EventRounds "11"]
[EventCountry "DEN"]
[SourceDate "2004.01.01"]

1. d4 Nf6 2. c4 g6 3. Nc3 Bg7 4. e4 O-O 5. f3 c6 6. Be3 d5 7. e5 Nfd7 8. cxd5
Nb6 9. dxc6 Nxc6 10. Rc1 Be6 11. b3 Rc8 12. Nge2 Qd7 13. Qd2 Rfd8 14. Ne4 Nd5
15. Nc5 Qc7 16. Nxe6 fxe6 17. Bf2 Bxe5 18. Bg3 Bd6 19. Kf2 Qb6 20. Bxd6 Rxd6
21. Kg3 Rcd8 22. h3 Nf6 23. Kh2 Nxd4 24. Nxd4 Rxd4 25. Qg5 Qd6+ 26. Qg3 e5 27.
Bc4+ Kg7 28. Rhe1 Rf4 29. Rcd1 Qxd1 30. Rxd1 Rxd1 31. Qg5 Rf5 32. Qe3 Rd4 33.
g4 Rff4 34. Qxe5 Kf8 35. Qe6 Rxc4 36. bxc4 Rxf3 37. Qc8+ Ne8 38. Qxb7 Rf2+ 39.
Kg3 Rxa2 40. Qf3+ Kg8 41. c5 Ra6 42. c6 Rb6 43. Qd5+ Kf8 44. Qf3+ Kg8 45. Qd3
Kf8 46. Qf1+ Kg8 47. Qc4+ Kf8 48. c7 Nxc7 49. Qxc7 Rf6 50. Qxa7 g5 51. Qb8+ Kf7
52. Qb3+ Kf8 53. Qd5 h6 54. h4 gxh4+ 55. Kxh4 Kg7 56. Kh5 Kf8 57. Qe4 Kf7 58.
Qh7+ Kf8 59. Kh4 Rd6 60. Kg3 Rf6 61. Kg2 Ke8 62. Qg7 Kd7 63. Kg3 Ke8 64. Kh4
Kd8 65. Kh5 Ke8 66. Qg8+ Kd7 67. Qh8 Rd6 68. Qb8 Rf6 69. Qa8 Ke6 70. Qa2+ Kd7
1/2-1/2

[Event "25. Copenhagen Open  (Politiken Cup)"]
[Site "Copenhagen"]
[Date "2003.07.23"]
[Round "9"]
[White "Vovk, Oksana"]
[Black "Struch, Thomas"]
[Result "1/2-1/2"]
[WhiteElo "2107"]
[BlackElo "1600"]
[PlyCount "87"]
[EventDate "2003.07.14"]
[EventType "swiss"]
[EventRounds "11"]
[EventCountry "DEN"]
[SourceDate "2004.01.01"]

1. c4 c5 2. Nc3 Nc6 3. g3 g6 4. Bg2 Bg7 5. Nf3 Nf6 6. O-O O-O 7. d4 cxd4 8.
Nxd4 Ng4 9. e3 d6 10. Nxc6 bxc6 11. Bxc6 Rb8 12. Bg2 Ne5 13. Qa4 a5 14. b3 Bg4
15. Bb2 Nd3 16. Qa3 Nxb2 17. Qxb2 a4 18. Qc2 Qa5 19. Nxa4 Bxa1 20. Rxa1 Bd7 21.
Nc3 Be6 22. Ne2 Rbc8 23. Qc3 Qa3 24. Qc1 Qa5 25. Nf4 Rfd8 26. Qe1 Qa3 27. Qb1
Rc7 28. Nxe6 fxe6 29. Bh3 e5 30. Be6+ Kg7 31. Qd1 Rf8 32. Qc1 Qb4 33. Qe1 Qa3
34. Qc1 Qb4 35. Qe1 Qa3 36. Qd2 Rf6 37. Bh3 e6 38. Rd1 Rcf7 39. Rf1 Ra7 40. Ra1
Raf7 41. Rf1 Ra7 42. g4 g5 43. Bg2 h6 44. Ra1 1/2-1/2

[Event "25. Copenhagen Open  (Politiken Cup)"]
[Site "Copenhagen"]
[Date "2003.07.24"]
[Round "10"]
[White "Adamski, Jan"]
[Black "Malmdin, Nils Ake"]
[Result "1-0"]
[WhiteElo "2335"]
[BlackElo "2190"]
[PlyCount "80"]
[EventDate "2003.07.14"]
[EventType "swiss"]
[EventRounds "11"]
[EventCountry "DEN"]
[SourceDate "2004.01.01"]

1. Nf3 Nf6 2. c4 c5 3. g3 b6 4. Bg2 Bb7 5. O-O e6 6. Nc3 Be7 7. d4 cxd4 8. Qxd4
d6 9. Bg5 a6 10. Bxf6 Bxf6 11. Qd3 Be7 12. Nd4 Bxg2 13. Kxg2 Qd7 14. Qe4 Ra7
15. f4 g6 16. g4 Qb7 17. f5 gxf5 18. gxf5 Rg8+ 19. Kh3 Qxe4 20. Nxe4 e5 21. Nc2
b5 22. Ne3 f6 23. Rfd1 Rd7 24. Nd5 Kf7 25. cxb5 axb5 26. Rac1 Na6 27. Rc6 Nc5
28. Ndxf6 Nxe4 29. Nxe4 Rgd8 30. Rd5 b4 31. Rb6 Ra8 32. Rxb4 Rxa2 33. Rb3 Ra4
34. Re3 Rb4 35. b3 Rdb7 36. Rdd3 d5 37. Rxd5 Rxb3 38. Rxb3 Rxb3+ 39. Kg4 Re3
40. Rxe5 Rxe2 1-0

[Event "25. Copenhagen Open  (Politiken Cup)"]
[Site "Copenhagen"]
[Date "2003.07.24"]
[Round "10"]
[White "Agustsson, Hafsteinn"]
[Black "Hagesaether, Arne"]
[Result "1-0"]
[WhiteElo "1929"]
[BlackElo "2088"]
[PlyCount "53"]
[EventDate "2003.07.14"]
[EventType "swiss"]
[EventRounds "11"]
[EventCountry "DEN"]
[SourceDate "2004.01.01"]

1. e4 c5 2. Nf3 d6 3. d4 cxd4 4. Nxd4 Nf6 5. Nc3 g6 6. Be3 Bg7 7. f3 O-O 8. Bc4
Nc6 9. Qd2 Bd7 10. O-O-O Rc8 11. Bb3 Ne5 12. Bh6 Nc4 13. Bxc4 Rxc4 14. Bxg7
Kxg7 15. h4 b5 16. h5 Nxh5 17. g4 b4 18. Nd5 Qa5 19. Kb1 e6 20. Rxh5 exd5 21.
Qh6+ Kf6 22. Qg5+ Kg7 23. Rxh7+ Kxh7 24. Qf6 dxe4 25. Nf5 Qe5 26. Rh1+ Kg8 27.
Rh8# 1-0

[Event "25. Copenhagen Open  (Politiken Cup)"]
[Site "Copenhagen"]
[Date "2003.07.24"]
[Round "10"]
[White "Andersen, Bjarne Hjorth"]
[Black "Bekker Jensen, Dorte"]
[Result "1/2-1/2"]
[WhiteElo "1807"]
[BlackElo "1593"]
[PlyCount "90"]
[EventDate "2003.07.14"]
[EventType "swiss"]
[EventRounds "11"]
[EventCountry "DEN"]
[SourceDate "2004.01.01"]

1. e4 c5 2. Nc3 Nc6 3. g3 g6 4. Bg2 Bg7 5. d3 d6 6. Be3 e6 7. Qd2 Rb8 8. Nge2
b5 9. Nd1 Ba6 10. O-O Qc7 11. f4 Nge7 12. Rb1 O-O 13. Bf2 b4 14. Ne3 Nd4 15.
Nc1 Bc8 16. Nb3 a5 17. c3 bxc3 18. bxc3 Nb5 19. Rbc1 a4 20. Na1 Ba6 21. Rfd1
Nc6 22. Nc4 Rfd8 23. Qe1 Qa7 24. e5 d5 25. Ne3 Ne7 26. d4 cxd4 27. cxd4 Nxd4
28. Rxd4 Qxd4 29. Nxd5 Qb2 30. Nxe7+ Kh8 31. Nc6 Qxa2 32. Rc2 Qb1 33. Nxd8
Qxe1+ 34. Bxe1 Rxd8 35. Rd2 Rc8 36. Kf2 Bf8 37. Rc2 Rb8 38. Bf1 Bc8 39. Ra2 Bd7
40. Bc3 Bc6 41. Bg2 Bc5+ 42. Ke2 Bxg2 43. Rxa4 Bg1 44. h4 Kg7 45. Nc2 Rc8
1/2-1/2

[Event "25. Copenhagen Open  (Politiken Cup)"]
[Site "Copenhagen"]
[Date "2003.07.24"]
[Round "10"]
[White "Andersen, Erik Rune Egede"]
[Black "Matthiesen, Martin"]
[Result "0-1"]
[WhiteElo "2109"]
[BlackElo "2260"]
[PlyCount "82"]
[EventDate "2003.07.14"]
[EventType "swiss"]
[EventRounds "11"]
[EventCountry "DEN"]
[SourceDate "2004.01.01"]

1. e4 c5 2. c3 Nf6 3. e5 Nd5 4. Nf3 Nc6 5. Bc4 Nb6 6. Bb3 c4 7. Bc2 Qc7 8. Qe2
g5 9. h3 Bg7 10. d4 cxd3 11. Bxd3 h6 12. Be3 Nxe5 13. Nxe5 Qxe5 14. Nd2 Nd5 15.
Nf3 Qc7 16. O-O Nf4 17. Qd2 Nxd3 18. Qxd3 d6 19. Rfe1 Qa5 20. Bd4 Bf5 21. Qd2
e5 22. Nxe5 dxe5 23. Bxe5 Bxe5 24. Qd6 Be6 25. Rxe5 Qb6 26. Qd3 Rd8 27. Qg3 Rd2
28. Rae1 Kd7 29. c4 Qd4 30. Qf3 Kc8 31. Rb5 Qd7 32. Qg3 Qd6 33. Qf3 Qd7 34. Qg3
b6 35. a4 Kb7 36. Qf3+ Qc6 37. Qf6 Rhd8 38. Qxh6 Rxf2 39. Qxg5 Rdd2 40. Qe7+
Ka6 41. Kh1 Qxg2# 0-1

[Event "25. Copenhagen Open  (Politiken Cup)"]
[Site "Copenhagen"]
[Date "2003.07.24"]
[Round "10"]
[White "Andersson, Christin"]
[Black "Eddy, Samuel"]
[Result "1-0"]
[WhiteElo "2149"]
[BlackElo "2055"]
[PlyCount "119"]
[EventDate "2003.07.14"]
[EventType "swiss"]
[EventRounds "11"]
[EventCountry "DEN"]
[SourceDate "2004.01.01"]

1. e4 e6 2. d4 d5 3. exd5 exd5 4. Nf3 Bg4 5. h3 Bh5 6. Bd3 Nc6 7. c3 Bd6 8. Qb3
Bxf3 9. gxf3 Nge7 10. Be3 Qd7 11. Nd2 f5 12. Bg5 Qe6+ 13. Kd1 O-O-O 14. Re1 Qg6
15. Bxe7 Nxe7 16. Kc2 Rhe8 17. Re2 c6 18. Rae1 Qf7 19. c4 g6 20. c5 Bc7 21. Qa4
Kb8 22. b4 a6 23. Nb3 Nc8 24. Na5 Rxe2+ 25. Rxe2 Bxa5 26. Qxa5 Re8 27. Rd2 Qf6
28. Be2 Na7 29. a4 Qd8 30. Qxd8+ Rxd8 31. Bd3 Re8 32. Rd1 Kc7 33. h4 Kd7 34. h5
Re6 35. Rh1 Nc8 36. b5 axb5 37. axb5 Na7 38. bxc6+ Nxc6 39. Kc3 Ne7 40. Bb5+
Nc6 41. hxg6 hxg6 42. Rh8 Kc7 43. Rh7+ Ne7 44. Kd3 Kd8 45. Ba4 Ra6 46. Rh8+ Kc7
47. Re8 Rxa4 48. Rxe7+ Kc8 49. Re5 Ra3+ 50. Ke2 Ra2+ 51. Ke3 Ra3+ 52. Kf4 Ra2
53. Kg3 b5 54. cxb6 Ra5 55. Kf4 Kb7 56. Re6 Ra4 57. Ke5 Ra3 58. f4 Rf3 59. Rxg6
Rxf2 60. Kxf5 1-0

[Event "25. Copenhagen Open  (Politiken Cup)"]
[Site "Copenhagen"]
[Date "2003.07.24"]
[Round "10"]
[White "Andreasen, Jakup a Rogvi"]
[Black "Mortensen, Henrik"]
[Result "1/2-1/2"]
[WhiteElo "1784"]
[BlackElo "2027"]
[PlyCount "59"]
[EventDate "2003.07.14"]
[EventType "swiss"]
[EventRounds "11"]
[EventCountry "DEN"]
[SourceDate "2004.01.01"]

1. e4 d5 2. exd5 Qxd5 3. Nf3 Nf6 4. Be2 Bg4 5. d4 e6 6. c4 Qd8 7. Nc3 c6 8. O-O
Be7 9. Bf4 O-O 10. Qb3 Qb6 11. Rfd1 Nbd7 12. Ne5 Bxe2 13. Nxe2 Qxb3 14. axb3
Rfd8 15. Bg5 h6 16. Bxf6 Bxf6 17. f4 a6 18. Nc3 Be7 19. Na4 Nf6 20. Rac1 Bb4
21. Nd3 a5 22. Ne5 Rd6 23. c5 Rdd8 24. Nb6 Rab8 25. g3 Nd5 26. Nbc4 f6 27. Nd3
Rd7 28. Ra1 Rbd8 29. Kf2 Kf8 30. Ra4 1/2-1/2

[Event "25. Copenhagen Open  (Politiken Cup)"]
[Site "Copenhagen"]
[Date "2003.07.24"]
[Round "10"]
[White "Bering, Anders"]
[Black "Royset, Paal"]
[Result "0-1"]
[WhiteElo "2101"]
[BlackElo "2252"]
[PlyCount "54"]
[EventDate "2003.07.14"]
[EventType "swiss"]
[EventRounds "11"]
[EventCountry "DEN"]
[SourceDate "2004.01.01"]

1. e4 c5 2. Nf3 e6 3. d4 cxd4 4. Nxd4 Nf6 5. Nc3 d6 6. Be2 Be7 7. f4 a6 8. O-O
Qc7 9. Be3 Nc6 10. Bf3 Bd7 11. a4 Na5 12. Nb3 Nc4 13. Bc1 O-O 14. Qd3 Rac8 15.
Kh1 Qb6 16. Rb1 Rfd8 17. Nd2 Ne3 18. Re1 Neg4 19. Nd1 Bxa4 20. b3 Bc6 21. Qe2
h5 22. h3 Nh6 23. Bxh5 d5 24. Bf3 dxe4 25. Nxe4 Nf5 26. Nxf6+ Bxf6 27. Bxc6
Ng3+ 0-1

[Event "25. Copenhagen Open  (Politiken Cup)"]
[Site "Copenhagen"]
[Date "2003.07.24"]
[Round "10"]
[White "Bjerke, Silje"]
[Black "Pettersson, Daniel"]
[Result "1-0"]
[WhiteElo "2093"]
[BlackElo "1850"]
[PlyCount "79"]
[EventDate "2003.07.14"]
[EventType "swiss"]
[EventRounds "11"]
[EventCountry "DEN"]
[SourceDate "2004.01.01"]

1. d4 Nf6 2. c4 c5 3. d5 b5 4. cxb5 a6 5. f3 e6 6. e4 exd5 7. e5 Qe7 8. Qe2 Ng8
9. Nc3 Bb7 10. Nh3 c4 11. Nf4 d4 12. Ne4 d3 13. Qe3 Qxe5 14. Bxd3 d5 15. bxa6
Nxa6 16. Bd2 dxe4 17. Bxc4 Bc5 18. Qe2 Nf6 19. Bb5+ Kf8 20. Nd3 Qe7 21. Nxc5
Nxc5 22. Rc1 Ba6 23. O-O Nd3 24. Bxa6 Nxc1 25. Rxc1 Qa7+ 26. Be3 Qxa6 27. Qxa6
Rxa6 28. Rc8+ Ke7 29. Rxh8 Rxa2 30. Rb8 exf3 31. gxf3 Nd5 32. Bd4 g6 33. Kf2
Ra1 34. b4 Ke6 35. Bc5 Ra2+ 36. Kg3 Rb2 37. Re8+ Kd7 38. Rb8 Nc7 39. Rb6 h5 40.
h4 1-0

[Event "25. Copenhagen Open  (Politiken Cup)"]
[Site "Copenhagen"]
[Date "2003.07.24"]
[Round "10"]
[White "Bjornes, Leif"]
[Black "Sander, Rolf"]
[Result "1/2-1/2"]
[WhiteElo "1652"]
[BlackElo "2060"]
[PlyCount "36"]
[EventDate "2003.07.14"]
[EventType "swiss"]
[EventRounds "11"]
[EventCountry "DEN"]
[SourceDate "2004.01.01"]

1. d4 d5 2. c4 e6 3. Nc3 c5 4. cxd5 cxd4 5. Qa4+ Bd7 6. Qxd4 exd5 7. Qxd5 Nf6
8. Qd1 Nc6 9. Nf3 Bc5 10. e3 Qe7 11. Be2 O-O-O 12. O-O g5 13. Nd4 h5 14. a3 g4
15. b4 Bb6 16. b5 Nxd4 17. exd4 Bf5 18. Be3 Qd6 1/2-1/2

[Event "25. Copenhagen Open  (Politiken Cup)"]
[Site "Copenhagen"]
[Date "2003.07.24"]
[Round "10"]
[White "Brasoy, Aksel"]
[Black "Hagesaether, Torill"]
[Result "1-0"]
[WhiteElo "1794"]
[BlackElo "2051"]
[PlyCount "53"]
[EventDate "2003.07.14"]
[EventType "swiss"]
[EventRounds "11"]
[EventCountry "DEN"]
[SourceDate "2004.01.01"]

1. d4 d5 2. c4 Nc6 3. Nc3 dxc4 4. Nf3 Bg4 5. d5 Bxf3 6. gxf3 Ne5 7. Qd4 Ng6 8.
Qxc4 a6 9. Bh3 Nf6 10. Bg5 h6 11. Be3 Ne5 12. Qb3 b5 13. Rd1 g6 14. Bd4 Ned7
15. e4 Rh7 16. e5 Nh5 17. e6 Nb6 18. exf7+ Rxf7 19. Be6 Rxf3 20. Qc2 Nf4 21.
Be5 Qb8 22. Qe4 Rxc3 23. bxc3 g5 24. Bxf4 gxf4 25. Qf5 Nd7 26. Bxd7+ Kd8 27.
Bc6 1-0

[Event "25. Copenhagen Open  (Politiken Cup)"]
[Site "Copenhagen"]
[Date "2003.07.24"]
[Round "10"]
[White "Busk, Casper"]
[Black "Larsen, Allan"]
[Result "1/2-1/2"]
[WhiteElo "2126"]
[BlackElo "2160"]
[PlyCount "91"]
[EventDate "2003.07.14"]
[EventType "swiss"]
[EventRounds "11"]
[EventCountry "DEN"]
[SourceDate "2004.01.01"]

1. e4 c5 2. Nf3 d6 3. d4 cxd4 4. Nxd4 Nf6 5. Nc3 a6 6. Rg1 e5 7. Nb3 Be7 8. g4
Be6 9. Be3 Nc6 10. g5 Nd7 11. Qd2 Nb6 12. O-O-O a5 13. Bb5 a4 14. Bxb6 Qxb6 15.
Bxa4 O-O 16. Kb1 Rfc8 17. Qe3 Nd4 18. Nxd4 Rxc3 19. Qxc3 Bxa2+ 20. Kxa2 Rxa4+
21. Kb1 exd4 22. Qc8+ Bf8 23. f4 Rb4 24. b3 d3 25. Rg3 dxc2+ 26. Qxc2 Rb5 27.
Rd5 g6 28. Rxb5 Qxb5 29. Qc4 Qa5 30. Rc3 h6 31. b4 Qa7 32. Qd5 hxg5 33. fxg5
Qg1+ 34. Rc1 Qxh2 35. Rc7 Qg1+ 36. Kc2 Qf2+ 37. Kb3 Bg7 38. Rc8+ Kh7 39. e5
Qe3+ 40. Ka4 Qa7+ 41. Qa5 b5+ 42. Kb3 Qb7 43. Qd8 Qd5+ 44. Kc2 Qa2+ 45. Kd3
Qd5+ 46. Kc2 1/2-1/2

[Event "25. Copenhagen Open  (Politiken Cup)"]
[Site "Copenhagen"]
[Date "2003.07.24"]
[Round "10"]
[White "Byklum, Bjornar"]
[Black "Hjelm, Niclas"]
[Result "1/2-1/2"]
[WhiteElo "2214"]
[BlackElo "2331"]
[PlyCount "27"]
[EventDate "2003.07.14"]
[EventType "swiss"]
[EventRounds "11"]
[EventCountry "DEN"]
[SourceDate "2004.01.01"]

1. e4 e5 2. Bc4 Nf6 3. d3 Nc6 4. Nc3 Bb4 5. Nge2 d5 6. exd5 Nxd5 7. O-O Be6 8.
Bb3 O-O 9. Ne4 Be7 10. f4 exf4 11. Nxf4 Nxf4 12. Bxf4 Nd4 13. Bxe6 Nxe6 14. Be5
1/2-1/2

[Event "25. Copenhagen Open  (Politiken Cup)"]
[Site "Copenhagen"]
[Date "2003.07.24"]
[Round "10"]
[White "Christensen, Bo Garner"]
[Black "Brondum, Eric"]
[Result "0-1"]
[WhiteElo "2273"]
[BlackElo "2198"]
[PlyCount "88"]
[EventDate "2003.07.14"]
[EventType "swiss"]
[EventRounds "11"]
[EventCountry "DEN"]
[SourceDate "2004.01.01"]

1. e4 c5 2. Nf3 d6 3. d4 cxd4 4. Nxd4 Nf6 5. Nc3 a6 6. Bg5 e6 7. f4 Be7 8. Qf3
h6 9. Bh4 g5 10. fxg5 Nfd7 11. Nxe6 fxe6 12. Bb5 hxg5 13. Rf1 Qa5 14. Bxg5 Bxg5
15. Qf7+ Kd8 16. Qg7 axb5 17. Qxg5+ Kc7 18. O-O-O Nc6 19. Nxb5+ Kb8 20. Rxd6
Rg8 21. Qxg8 Qxb5 22. Qg3 e5 23. Qd3 Qxd3 24. cxd3 Kc7 25. Rg6 Nc5 26. Rf7+ Bd7
27. a3 Kb6 28. Rd6 Be6 29. Rf6 Re8 30. b4 Nb3+ 31. Kb2 Nbd4 32. Rd5 Bxd5 33.
exd5 Rg8 34. g3 Rh8 35. h4 Rg8 36. dxc6 bxc6 37. a4 Rxg3 38. b5 Rxd3 39. bxc6
Nxc6 40. h5 Kc5 41. h6 Rh3 42. Rg6 Na5 43. Kc2 Nc4 44. Rf6 Kd4 0-1

[Event "25. Copenhagen Open  (Politiken Cup)"]
[Site "Copenhagen"]
[Date "2003.07.24"]
[Round "10"]
[White "Christensen, Christoffer"]
[Black "Nielsen, Poul Bang"]
[Result "1-0"]
[WhiteElo "1599"]
[BlackElo "1100"]
[PlyCount "63"]
[EventDate "2003.07.14"]
[EventType "swiss"]
[EventRounds "11"]
[EventCountry "DEN"]
[SourceDate "2004.01.01"]

1. e4 c5 2. Nf3 Nc6 3. d4 cxd4 4. Nxd4 e5 5. Nb5 d6 6. N1c3 a6 7. Na3 Nf6 8.
Bg5 Be7 9. Bxf6 Bxf6 10. Nd5 Be6 11. c3 O-O 12. Bc4 Bg5 13. h4 Be7 14. Ne3 b5
15. Bb3 b4 16. cxb4 Nxb4 17. g3 Rc8 18. O-O Bh3 19. Re1 Bxh4 20. Qh5 Qg5 21.
Qxh4 Qxh4 22. gxh4 Nd3 23. Red1 Nc5 24. Nd5 Nxe4 25. Ne7+ Kh8 26. Nxc8 Rxc8 27.
Rac1 Rf8 28. Rc7 f5 29. Rdc1 Nc5 30. Bd5 e4 31. b4 Nd3 32. Rc8 1-0

[Event "25. Copenhagen Open  (Politiken Cup)"]
[Site "Copenhagen"]
[Date "2003.07.24"]
[Round "10"]
[White "Christensen, Jan N"]
[Black "Frank Nielsen, Marie"]
[Result "1-0"]
[WhiteElo "2053"]
[BlackElo "1629"]
[PlyCount "107"]
[EventDate "2003.07.14"]
[EventType "swiss"]
[EventRounds "11"]
[EventCountry "DEN"]
[SourceDate "2004.01.01"]

1. e4 c6 2. d4 d5 3. Nc3 dxe4 4. Nxe4 Bf5 5. Ng3 Bg6 6. h4 h6 7. Nh3 Na6 8. Nf4
Bh7 9. Bc4 e6 10. Ngh5 Nc7 11. c3 Nf6 12. O-O Qd7 13. Nxf6+ gxf6 14. Nh5 Qe7
15. Qf3 f5 16. Bf4 Bg6 17. Bxc7 Qxc7 18. Nf4 O-O-O 19. Nxg6 fxg6 20. Bxe6+ Kb8
21. d5 cxd5 22. Bxd5 Be7 23. g3 f4 24. c4 g5 25. h5 fxg3 26. fxg3 Bc5+ 27. Kg2
Rhf8 28. Qc3 Rfe8 29. Rae1 Rxe1 30. Qxe1 Qb6 31. Rf7 Qxb2+ 32. Kh1 Qb6 33.
Rxb7+ Qxb7 34. Bxb7 Kxb7 35. Qb1+ Kc6 36. Qb5+ Kd6 37. Qb7 Bb6 38. Qg7 Re8 39.
Qxh6+ Re6 40. Qxg5 Be3 41. Qd5+ Ke7 42. g4 Bf4 43. g5 Re5 44. Qb7+ Ke6 45. Qc6+
Kf5 46. g6 Kg4 47. g7 Rxh5+ 48. Kg1 Be3+ 49. Kg2 Rg5 50. g8=Q Rxg8 51. Qe6+
Kh4+ 52. Qxg8 Bb6 53. Kf3 Kh3 54. Qh7# 1-0

[Event "25. Copenhagen Open  (Politiken Cup)"]
[Site "Copenhagen"]
[Date "2003.07.24"]
[Round "10"]
[White "Christensen, Janus"]
[Black "Tallaksen, Geir Sune"]
[Result "0-1"]
[WhiteElo "1951"]
[BlackElo "2285"]
[PlyCount "72"]
[EventDate "2003.07.14"]
[EventType "swiss"]
[EventRounds "11"]
[EventCountry "DEN"]
[SourceDate "2004.01.01"]

1. e4 e5 2. Bc4 Nf6 3. d3 Nc6 4. Bg5 Na5 5. Nf3 d6 6. Nc3 Be7 7. Qe2 Nxc4 8.
dxc4 h6 9. Bh4 c6 10. c5 Nh5 11. Bxe7 Qxe7 12. cxd6 Qxd6 13. Rd1 Qf6 14. Nd2
Nf4 15. Qf3 Qg6 16. Nc4 Bg4 17. Qg3 Bxd1 18. Qxg6 Nxg6 19. Nxd1 O-O-O 20. Nde3
Kc7 21. h4 f6 22. Nf5 Rd7 23. g3 Nf8 24. Ke2 Ne6 25. c3 Rhd8 26. Rb1 Nc5 27. f3
b5 28. Nce3 Rd2+ 29. Kf1 R8d7 30. c4 b4 31. Kg1 Na4 32. c5 Rxb2 33. Rxb2 Nxb2
34. Nd6 Na4 35. Nef5 Kd8 36. h5 Nxc5 0-1

[Event "25. Copenhagen Open  (Politiken Cup)"]
[Site "Copenhagen"]
[Date "2003.07.24"]
[Round "10"]
[White "Christensen, Jens"]
[Black "Hogh, Sidsel T"]
[Result "1-0"]
[WhiteElo "1300"]
[BlackElo "1438"]
[PlyCount "89"]
[EventDate "2003.07.14"]
[EventType "swiss"]
[EventRounds "11"]
[EventCountry "DEN"]
[SourceDate "2004.01.01"]

1. e4 c5 2. Nf3 d6 3. d4 cxd4 4. Nxd4 Nf6 5. Nc3 a6 6. Bd3 e6 7. Be3 Qc7 8. O-O
Be7 9. f4 Nc6 10. Nxc6 Qxc6 11. e5 dxe5 12. fxe5 Nd5 13. Nxd5 Qxd5 14. Qh5 g6
15. Qf3 Qxf3 16. Rxf3 h5 17. Raf1 Rh7 18. Be4 Rb8 19. Ba7 Ra8 20. Bb6 Rb8 21.
Bc7 Ra8 22. Kh1 Ra7 23. Bb6 Ra8 24. Rb3 Rh8 25. c4 Rf8 26. Rbf3 Rb8 27. Bc7 Ra8
28. Rb3 Ra7 29. Bb6 Ra8 30. Bd4 Rb8 31. Bc6+ Bd7 32. Rxb7 Rxb7 33. Bxb7 Kd8 34.
Bb6+ Ke8 35. Bxa6 Bc6 36. a3 Bg5 37. Bc5 Rg8 38. Rd1 Bf4 39. Bd4 Ke7 40. Bc5+
Ke8 41. Re1 Kd7 42. Bb5 Bxb5 43. cxb5 Kc7 44. g3 Bh6 45. Rf1 1-0

[Event "25. Copenhagen Open  (Politiken Cup)"]
[Site "Copenhagen"]
[Date "2003.07.24"]
[Round "10"]
[White "Christoffersen, Jan"]
[Black "Hansen, Erik Friberg"]
[Result "1/2-1/2"]
[WhiteElo "1398"]
[BlackElo "1220"]
[PlyCount "96"]
[EventDate "2003.07.14"]
[EventType "swiss"]
[EventRounds "11"]
[EventCountry "DEN"]
[SourceDate "2004.01.01"]

1. e4 c5 2. Nf3 d6 3. d4 cxd4 4. Nxd4 Nf6 5. Nc3 Nc6 6. f3 Bd7 7. Be3 e5 8.
Ndb5 Bc8 9. Bc4 a6 10. Na3 b5 11. Bd5 Bd7 12. Bxc6 Bxc6 13. Nd5 Bxd5 14. exd5
Rc8 15. c3 Be7 16. Nc2 a5 17. O-O O-O 18. Qd3 Qd7 19. a3 Qb7 20. Rad1 Nd7 21.
f4 exf4 22. Bxf4 f5 23. Qg3 g6 24. Rfe1 Nf6 25. Rxe7 Qxe7 26. Bxd6 Qa7+ 27. Kh1
Rfe8 28. Qf3 Rcd8 29. Bf4 Ne4 30. Be3 Qb7 31. b4 Nxc3 32. Rd3 Nxd5 33. Bb6 Qxb6
34. Rxd5 Qe6 35. Rxd8 Rxd8 36. bxa5 Qd6 37. Qb3+ Qd5 38. Qxd5+ Rxd5 39. h3 Rd2
40. Nb4 Rd8 41. a6 Ra8 42. Kg1 Kf7 43. Kf2 Ke6 44. Ke3 Kd6 45. Kd4 Ra7 46. Ke3
Kc5 47. Kd3 Ra8 48. Kc3 Ra7 1/2-1/2